000 00227 a2200097 4500
001 26815
100 _aBukhsh, S.K
245 _aMen money markets the elements of eco
260 _a
_bEnglish uni press
_c
090 _c18050
_d18050
942 _aNUST-CAE
_cM
_c8948
999 _c261888
_d261888